000 00693nam a22002537a 4500
001 BR7200924
003 BR-BrBNA
005 20230928083825.0
007 ta
008 230509b bl.||||| |||| 00| 0 por d
040 _aBR-BrBNA
_bpor
_cBiblioteca Nacional de Agricultura
041 _a(Por)
072 _aF00
_b0150
_b/G514
090 _ 0150 BR7200924
110 1 _aPrograma Integrado de Pesquisa Agropecuaria do Piaui, Teresina (Brasil)
_97989
245 1 _aCultura do arroz Piaui, Brasil]
260 3 _aTeresina, PI (Brasil):
_c1972.
300 _a8 p.
650 _aARROZ
650 _aARROZ SEQUEIRO
650 _aPIAUI
909 _a202309
_bLucia
_c55
_dLucia Elande
942 _cBK
999 _c15391
_d15391